The early days and men of California; (Record no. 51891)
[ view plain ]
| 000 -LEADER | |
|---|---|
| fixed length control field | 00645cam a22002051 4500 |
| 001 - CONTROL NUMBER | |
| control field | rc 01000748 |
| 003 - CONTROL NUMBER IDENTIFIER | |
| control field | DLC |
| 005 - DATE AND TIME OF LATEST TRANSACTION | |
| control field | 20260227111901.0 |
| 008 - FIXED-LENGTH DATA ELEMENTS--GENERAL INFORMATION | |
| fixed length control field | 961202s1891 caucf 000 0deng |
| 010 ## - LIBRARY OF CONGRESS CONTROL NUMBER | |
| LC control number | rc 01000748 |
| 035 ## - SYSTEM CONTROL NUMBER | |
| System control number | (OCoLC)36018969 |
| 040 ## - CATALOGING SOURCE | |
| Original cataloging agency | DLC |
| Transcribing agency | NN |
| Modifying agency | NN |
| -- | DLC |
| 050 00 - LIBRARY OF CONGRESS CALL NUMBER | |
| Classification number | F864 |
| Item number | .S8 |
| 100 1# - MAIN ENTRY--PERSONAL NAME | |
| Personal name | Swasey, W. F. |
| Fuller form of name | (William F.) |
| 245 14 - TITLE STATEMENT | |
| Title | The early days and men of California; |
| Statement of responsibility, etc. | by W. F. Swasey, 1891. |
| 260 ## - PUBLICATION, DISTRIBUTION, ETC. | |
| Place of publication, distribution, etc. | Oakland, Cal., |
| -- | New York [etc.] |
| Name of publisher, distributor, etc. | Pacific Press Publishing Company |
| Date of publication, distribution, etc. | [1891] |
| 300 ## - PHYSICAL DESCRIPTION | |
| Extent | x, 9-406 p. |
| Other physical details | front., plates, port. |
| Dimensions | 23 cm. |
| 651 #0 - SUBJECT ADDED ENTRY--GEOGRAPHIC NAME | |
| Geographic name | California |
| General subdivision | History. |
| 651 #0 - SUBJECT ADDED ENTRY--GEOGRAPHIC NAME | |
| Geographic name | California |
| General subdivision | Biography. |
No items available.